Statistics for Prime Numbers 1-2000

Click here to take the quiz!

General Stats

  • This quiz has been taken 7 times
  • The average score is 167 of 303

Answer Stats

OrderPrime Numbers% Correct
511
100%
613
100%
717
100%
819
100%
12
100%
923
100%
1029
100%
23
100%
1131
100%
1237
100%
35
100%
47
100%
1341
83%
1443
83%
1547
83%
26101
67%
27103
67%
28107
67%
29109
67%
30113
67%
31127
67%
32131
67%
33137
67%
34139
67%
35149
67%
36151
67%
37157
67%
38163
67%
39167
67%
40173
67%
41179
67%
42181
67%
43191
67%
44193
67%
45197
67%
46199
67%
47211
67%
48223
67%
49227
67%
50229
67%
51233
67%
52239
67%
53241
67%
54251
67%
55257
67%
56263
67%
57269
67%
58271
67%
59277
67%
60281
67%
61283
67%
62293
67%
63307
67%
64311
67%
1653
67%
1759
67%
1861
67%
1967
67%
2071
67%
2173
67%
2279
67%
2383
67%
2489
67%
2597
67%
1691009
50%
1701013
50%
1711019
50%
1721021
50%
1731031
50%
1741033
50%
1751039
50%
1761049
50%
1771051
50%
1781061
50%
1791063
50%
1801069
50%
1811087
50%
1821091
50%
1831093
50%
1841097
50%
1851103
50%
1861109
50%
1871117
50%
1881123
50%
1891129
50%
1901151
50%
1911153
50%
1921163
50%
1931171
50%
1941181
50%
1951187
50%
1961193
50%
1971201
50%
1981213
50%
1991217
50%
2001223
50%
2011229
50%
2021231
50%
2031237
50%
2041249
50%
2051259
50%
2061277
50%
2071279
50%
2081283
50%
2091289
50%
2101291
50%
2111297
50%
2121301
50%
2131303
50%
2141307
50%
2151319
50%
2161321
50%
2171327
50%
2181361
50%
2191367
50%
2201373
50%
2211381
50%
2221399
50%
2231409
50%
2241423
50%
2251427
50%
2261429
50%
2271433
50%
2281439
50%
2291447
50%
2301451
50%
2311453
50%
2321459
50%
2331471
50%
2341481
50%
2351483
50%
2361487
50%
2371489
50%
2381493
50%
2391499
50%
2401511
50%
2411523
50%
2421531
50%
2431543
50%
2441549
50%
2451553
50%
2461559
50%
2471567
50%
2481571
50%
2491579
50%
2501583
50%
2511597
50%
2521601
50%
2531607
50%
2541609
50%
2551613
50%
2561619
50%
2571621
50%
2581627
50%
2591637
50%
2601657
50%
2611663
50%
2621667
50%
2631669
50%
2641693
50%
2651697
50%
2661699
50%
2671709
50%
2681721
50%
2691723
50%
2701733
50%
2711741
50%
2721747
50%
2731753
50%
2741759
50%
2751777
50%
2761783
50%
2771787
50%
2781789
50%
2791801
50%
2801811
50%
2811823
50%
2821831
50%
2831847
50%
2841861
50%
2851867
50%
2861871
50%
2871873
50%
2881877
50%
2891879
50%
2901889
50%
2911901
50%
2921907
50%
2931913
50%
2941931
50%
2951933
50%
2961949
50%
2971951
50%
2981973
50%
2991979
50%
3001987
50%
3011993
50%
3021997
50%
3031999
50%
65313
50%
66317
50%
67331
50%
68337
50%
69347
50%
70349
50%
71353
50%
72359
50%
73367
50%
74373
50%
75379
50%
76383
50%
77389
50%
78397
50%
79401
50%
80409
50%
81419
50%
82421
50%
83431
50%
84433
50%
85439
50%
86443
50%
87449
50%
88457
50%
89461
50%
90463
50%
91467
50%
92479
50%
93487
50%
94491
50%
95499
50%
96503
50%
97509
50%
98521
50%
99523
50%
100541
50%
101547
50%
102557
50%
103563
50%
104569
50%
105571
50%
106577
50%
107587
50%
108593
50%
109599
50%
110601
50%
111607
50%
112613
50%
113617
50%
114619
50%
115631
50%
116641
50%
117643
50%
118647
50%
119653
50%
120659
50%
121661
50%
122673
50%
123677
50%
124683
50%
125691
50%
126701
50%
127709
50%
128719
50%
129727
50%
130733
50%
131739
50%
132743
50%
133751
50%
134757
50%
135761
50%
136769
50%
137773
50%
138787
50%
139797
50%
140809
50%
141811
50%
142821
50%
143823
50%
144827
50%
145829
50%
146839
50%
147853
50%
148857
50%
149859
50%
150863
50%
151877
50%
152881
50%
153883
50%
154887
50%
155907
50%
156911
50%
157919
50%
158929
50%
159937
50%
160941
50%
161947
50%
162953
50%
163967
50%
164971
50%
165977
50%
166983
50%
167991
50%
168997
50%

Score Distribution

Percentile by Number Answered

Percent of People with Each Score

Your Score History

You have not taken this quiz